000 00749nam 22002293 4500
001 201325
021 _aPT
090 _a201325
100 _a20230216d u||y0pory50 ba
200 _aMemorias de Guilherme de Amaral
_fCamillo Castelo Branco
_eobra posthuma
205 _a
210 _aLisboa
_cCompanhia
_d[19--?]
215 _a211 p.
_cencadernado
_d17 cm
225 _aCollecção Camillo Castello Branco
_g29
300 _aContém assinatura e nota do Prof. Dr. Almeida Faria na pág. de guarda
305 _a3ª ed. revista e correta
606 _aLiteratura Portuguesa
_96
675 _a821.134.3-3
_vPT
_zpor
700 _91611
_aBranco
_bCamilo Castelo
_f1825-1890
801 _aPT
_bBMMN
_gRPC
830 _cAna Falardo
_fAna Falardo
990 _cLIVROS